000
00289nam a2200109Ia 4500
008
230312s9999||||xx |||||||||||||| ||und||
082
_a
629.22
_b
LAM-S
100
_a
Lampen;Stephen
245
0
_a
Pocket refernce audio video cable installer,s
650
_a
Engineering
_v
Mechanics
942
_c
BK
999
_c
12312
_d
12312